000 00791nam a2200265Ia 4500
003 OSt
005 20221005122012.0
006 a|||||r|||| 00| 0
007 ta
008 221004b |||||||| |||| 00| 0 eng d
020 _a9781935677390 (hbk)
_c3950
024 _a9925
037 _b339, 21/03/2014, Standard Book House
_cTextual
040 _aCRL
_cCRL
_beng
041 _2eng
_aeng
082 _aNQ44,N, Q3
100 _aSharma Mahesh Ed.
_9631355
245 0 _aIndian painting
_b Themes, histories, interpretations
260 _c2013
300 _a492p.
_ccm.
650 _aARTS
700 _a Kaimal Padma Ed.
_9631356
942 _hNQ44,N, Q3
_cTEXL
_2cc
999 _c1042962
_d1042962